Beginning with the letter "I" - Statistics

General Stats
  • This quiz has been taken 29 times
  • The average score is 7 of 15
Answer Stats
Hint Answer % Correct
Stretching from Africa to Asia to Australia this ocean is? Indian
100%
In 1547 this "terrible" man was crowned the first Czar of all Russia Ivan
93%
The Appenines form the backbone of this country Italy
89%
Once known as Mesopotamia Iraq
81%
Highly volcanic island with a misleading name Iceland
63%
If this son had listened to his dad, Daedalus, he might have survived Icarus
59%
Known as the Crossroads of America Indiana
44%
Using a needle to vaccinate Innoculate
41%
Historically a child born out of wedlock is this illegitimate
30%
This American tribe prefers to be called "Haudenosaunee" Iroquois
30%
Main river in Myanmar (Burma) Irrawaddy
26%
This is the study of fish Ichthyology
19%
Meaning "originating in a particular place" sometimes shortened to "indian" indigenous
19%
Showing luminous colors that change as you move around iridescent
7%
Aircraft carrier museum moored in New York Intrepid
4%
No matching quizzes found
Score Distribution
Percent of People with Each Score
Percentile by Number Answered
Your Score History
You have not taken this quiz